000
00308nam a22001457a 4500
008
210609b ||||| |||| 00| 0 eng d
020
_a
0895772205
041
_a
eng
080
_a
611
082
_a
611
100
_a
5
101
_a
ANA
245
_a
ABC's of the Human Body
_c
Digest,R
942
_2
udc
_c
BK
999
_c
58089
_d
58089